00694 2200265 4500001002100000005001700021008004100038020002200079035002400101040001200125041000800137082001100145090001700156100001400173245002900187250001000216260003700226300003300263600004100296650002300337990001700360990001700377990001700394990001700411YOGYA-0113000000006720160809122533.0 ind  a978-979-075-768-4 0010-011300000000067 aYOPDYOG aIND a028.55 a028.55 Awd K aAWDRY, W. aKereta pop-upcAWDRY, W. aCet.1 aJakartabErlangga For Kidsc2010 a10 hlmbilusc25 cm (10 eks) aHandrito Danar Prabowo; Rani Nuraeni aBacaan kanak-kanak a2920-PK/B.12 a2919-PK/B.12 a2916-PK/B.12 a2913-PK/B.12